Sharks - Statistics

General Stats
  • This quiz has been taken 56 times
  • The average score is 5 of 7
Answer Stats
Picture Answer % Correct
Great White Shark
100%
Hammerhead Shark
98%
Whale Shark
94%
Tiger Shark
88%
Bull Shark
78%
Sand Tiger Shark
35%
Zebra Shark
27%
No matching quizzes found
Score Distribution
Percent of People with Each Score
Percentile by Number Answered
Your Score History
You have not taken this quiz